000 00615nam a2200229 i 4500
001 C2-0115404
003 PPAK
005 20180727105151.0
008 970714s1972 enk |||| ||||| | eng d
040 _aPPAK
_beng
_cPPAK
_erda
082 0 4 _a340.1
_223
090 0 0 _a340.1
_bWHI
_dG
100 1 _aWhitecross, George,
_eauthor
245 1 2 _aA textbook of jurisprudence
264 1 _aLondon :
_bOxford University Press ,
_c1972
300 _a659 pages ;
_c21 cm
336 _2rdacontent
_atext
337 _2rdamedia
_aunmediated
338 _2rdacarrier
_avolume
650 1 0 _aLaw - Philosophy
942 _ddc
_cB
999 _c29828
_d29828